Inteligencia artificial : (Record no. 214997)

MARC details
000 -CABECERA
campo de control de longitud fija 01606nab a2200241 ab4500
005 - FECHA Y HORA DE LA ÚLTIMA TRANSACCIÓN
campo de control 20260424141821.0
008 - ELEMENTOS DE LONGITUD FIJA--INFORMACIÓN GENERAL
campo de control de longitud fija 251016c2025 dq fr p#o# #00| spa d
003 - IDENTIFICADOR DEL NÚMERO DE CONTROL
campo de control
040 ## - FUENTE DE LA CATALOGACIÓN
Centro catalogador/agencia de origen MX-MxUPN
Lengua de catalogación spa
Centro/agencia transcriptor MX-MxUPN
Normas de descripción aacr2
100 1# - ASIENTO PRINCIPAL--NOMBRE PERSONAL
Nombre de persona Toledo Lara, Gustavo
9 (RLIN) 59364
245 10 - MENCIÓN DE TÍTULO
Título Inteligencia artificial :
Resto del título entre la innovación y el cambio de paradigma en la universidad
Medio [recurso electrónico en línea]
506 0# - NOTA DE RESTRICCIONES AL ACCESO
Limitaciones de acceso Acceso abierto
520 3# - NOTA DE RESUMEN, ETC.
Sumario, etc. Se presenta un análisis sobre la inteligencia artificial y cómo puede desencadenar efectos en el contexto universitario. Para este estudio se asume una perspectiva cualitativa incluyendo la Teoría Fundamentada para generar una teoría que ayude a comprender el proceso analizado. La codificación axial permitió orientar los puntos de análisis desde la pedagogía, la práctica universitaria y la tecnoética, y se concluyó que la inteligencia artificial tiene diversas implicaciones en la universidad, por lo que hay que avanzar hacia un modelo formativo que, desde el análisis crítico, pueda asegurar el paso de la alfabetización digital a la cultura digital.
Fuente proveedora RECIE
650 #2 - ASIENTO SECUNDARIO DE MATERIA - TERMINO TEMATICO
Término de materia o nombre geográfico como elemento de entrada Inteligencia artificial
9 (RLIN) 5343
653 ## - TERMINO DE INDIZACION - NO CONTROLADO
Término no controlado Docencia
650 #4 - ASIENTO SECUNDARIO DE MATERIA - TERMINO TEMATICO
Término de materia o nombre geográfico como elemento de entrada Formación profesional
9 (RLIN) 9108
650 ## - ASIENTO SECUNDARIO DE MATERIA - TERMINO TEMATICO
Término de materia o nombre geográfico como elemento de entrada Educación superior
9 (RLIN) 32
773 ## - ENLACE AL DOCUMENTO FUENTE/ENTRADA DE REGISTRO ANFITRIÓN
Parte(s) relacionada(s) Vol. 8, no. 2 (2024), p. 27-46
Título RECIE : Revista caribeña de investigación educativa
Número Internacional Normalizado para Publicaciones Seriadas 2636-2147
856 4# - LOCALIZACIÓN Y ACCESO ELECTRÓNICOS
Identificador Uniforme del Recurso <a href="https://revistas.isfodosu.edu.do/index.php/recie/article/view/718">https://revistas.isfodosu.edu.do/index.php/recie/article/view/718</a>
856 4# - LOCALIZACIÓN Y ACCESO ELECTRÓNICOS
Identificador Uniforme del Recurso <a href="https://revistas.isfodosu.edu.do/index.php/recie/article/view/718/490">https://revistas.isfodosu.edu.do/index.php/recie/article/view/718/490</a>
902 ## - ELEMENTOS DE DATOS B LOCAL, LDB (RLIN)
Creó Leonor Sotres/240426
942 ## - ELEMENTOS DE PUNTO DE ACCESO ADICIONAL (KOHA)
Tipo de ítem Koha Artículo Electrónico
Holdings
Estado de retiro Estado de pérdida Estado dañado No para préstamo Código de colección Localización permanente Ubicación/localización actual Ubicación en estantería Fecha de adquisición Total de préstamos Fecha visto por última vez Identificador Uniforme del Recurso Precio válido a partir de Tipo de ítem Koha
        Acceso abierto Bib. Gregorio Torres Quintero Bib. Gregorio Torres Quintero En línea 24/04/2026   24/04/2026 https://revistas.isfodosu.edu.do/index.php/recie/article/view/718/490 24/04/2026 Artículo Electrónico